Intraabdominelle Motilitätsstudien an antiperistaltischen Dünndarmsegmenten mit implantierten Perfusionssondesystemen im Tierexperiment /

Hlavní autor: Stern, Josef
Korporativní autor: Johannes Gutenberg-Universität
Jazyk: Němčina
Vydáno: Mainz : J. Stern, 1979
Témata:
Fyzický popis: 93 s.
Knihy
Uloženo v:
LEADER 01084nam a22003012a 4500
001 001158906
003 CZ BrMZK
005 20180802143334.0
007 ta
008 110719s1979 gw er|||||||||||ger d
040 |a BOA001  |b cze 
072 7 |a 616  |x Patologie. Klinická medicína  |2 Konspekt  |9 14 
080 |a 616-092.9  |2 MRF 
080 |a 61:001.891  |2 MRF 
080 |a (043.3)  |2 MRF 
100 1 |a Stern, Josef  |4 dis 
245 1 0 |a Intraabdominelle Motilitätsstudien an antiperistaltischen Dünndarmsegmenten mit implantierten Perfusionssondesystemen im Tierexperiment /  |c Josef Stern 
260 |a Mainz :  |b J. Stern,  |c 1979 
300 |a 93 s. 
502 |a Disertace--Johannes Gutenberg-Universität, 1979 
650 0 7 |a pokusy na zvířatech  |7 ph124223  |2 czenas 
650 0 7 |a lékařský výzkum  |7 ph122514  |2 czenas 
655 7 |a disertace  |7 fd132024  |2 czenas 
710 2 |a Johannes Gutenberg-Universität  |7 ko2003164334 
910 |a BOA001  |b 2-0820.782 
990 |a BK 
991 |b 201107 
996 7 |b 2619415899  |c 2-0820.782  |l MZK  |r Sklad / do 1 hodiny  |n 0  |w 001192025  |u 000010  |a 1  |e BOA001  |j MZK50  |s A